| 000 | 01026nam a22003257a 4500 | ||
|---|---|---|---|
| 001 | BR8800306 | ||
| 003 | BR-BrBNA | ||
| 005 | 20230928092827.0 | ||
| 007 | ta | ||
| 008 | 230509b bl.||||| |||| 00| 0 por d | ||
| 040 |
_aBR-BrBNA _bpor _cBiblioteca Nacional de Agricultura |
||
| 041 | _a(Por) | ||
| 072 |
_aE10; P01; B10 _b/G514 |
||
| 090 | _ E10 BR8800306 | ||
| 110 | 1 |
_aSuperintendencia do Desenvolvimento do Nordeste, Natal, RN (Brasil); _910132 |
|
| 110 | 1 | _aSecretaria do Planejamento e Coordenacao Geral, Natal, RN (Brasil) | |
| 245 | 1 |
_aDiagnostico estrutural do Rio Grande do Norte. Sintese _bv. 1 |
|
| 260 | 3 |
_aNatal, RN (Brasil): _c1975. |
|
| 300 | _a324 p. | ||
| 500 | _a52 tables; 25 illus.; 18 ref. | ||
| 650 | _aECONOMIA AGRICOLA | ||
| 650 | _aRECURSO NATURAL | ||
| 650 | _aRECURSO HUMANO | ||
| 650 | _aGEOGRAFIA ECONOMICA | ||
| 650 | _aDESENVOLVIMENTO ECONOMICO | ||
| 650 | _aDESENVOLVIMENTO SOCIAL | ||
| 650 | _aRIO GRANDE DO NORTE | ||
| 909 |
_a202309 _bLucia _c55 _dLucia Elande |
||
| 942 | _cBK | ||
| 999 |
_c41421 _d41421 |
||